| 000 | 00802nam a22001337a 4500 | ||
|---|---|---|---|
| 040 | _cRUA | ||
| 082 | _aRUB SAR 2022 B643 Or. | ||
| 100 | _aSARY THYREANG សារី ធីរាង | ||
| 245 | _aGROWTH AND YIELD COMPARISON OF 08 RUBBER CLONES IN TRIAL IR.AA.07 AT CAMBODIAN RUBBBR RESEARCH INSTITUE. ការប្រៀបធៀបការលូតលាស់ និងទិន្នផលក្លូនកៅស៊ូចំនួន០៩ ក្នុងឡូតិ៍ពិសោធន៍IR.AA.07នៅវិទ្យាស្ថានស្រាវជ្រាវកៅស៊ូកម្ពុជា | ||
| 260 |
_aPhnom Penh _bRUA _c2022 |
||
| 300 |
_aXIV.61P _bIX. _c29CM |
||
| 856 | _uhttps://drive.google.com/file/d/1fdHPnCwmLu-pQr-cgDG9jrrUebBLTqEB/view?usp=sharing | ||
| 942 | _cRUB | ||
| 999 |
_c22591 _d22591 |
||